Hunger Games - Spécialité de chaque district - Statistiques

Statistiques générales
  • Ce quiz a été pris 376 fois
    86 depuis la dernière actualisation
  • Le résultat moyen est 9 sur 14
Statistiques - réponses
Districts Spécialités % Correct
District 12 Charbon
99%
District 11 Agriculture
84%
District 13 Armement / Nucléaire
83%
District 4 Pêche
83%
District 7 Bois
80%
District 2 Maçonnerie / Armement / Pacificateur
77%
District 3 Électrique
70%
District 1 Luxe
65%
District 8 Textile
51%
District 9 Céréales
41%
District 6 Transport
36%
District 10 Bétail
35%
Capitole Gouvernement
32%
District 5 Énergie
22%
Aucun quiz correspondant
Distribution des résultats
% des personnes avec chaque résultat
Percentile par nombre de réponses
Votre historique - résultats
Vous n’avez pas pris ce quiz depuis la dernière actualisation